Le ore /

সংরক্ষণ করুন:
গ্রন্থ-পঞ্জীর বিবরন
প্রধান লেখক: Cunningham, Michael, (1952- ) (লেখক)
অন্যান্য লেখক: Cotroneo, Ivan
বিন্যাস: গ্রন্থ
ভাষা:ইতালিয়
প্রকাশিত: \Milano! : Bompiani, 1999
মালা:Narratori stranieri Bompiani
ট্যাগগুলো: ট্যাগ যুক্ত করুন
কোনো ট্যাগ নেই, প্রথমজন হিসাবে ট্যাগ করুন!

MARC

LEADER 00000nam a22000007i 4500
001 IT\ICCU\VIA\0077581
003 ItRI
005 20260115231913.0
008 990924s1999 it |||||| ||||| |||||c
020 |a 8845240975 
040 |b ita  |c importazione bologna sebina 
041 7 |a ita  |2 ISO-639-2 
082 |a 813.54  |9 Letteratura americana in inglese. Narrativa. 1945-  |2 20 
100 1 |a Cunningham, Michael,  |d  (1952- )  |0 IT\ICCU\RAVV\057062  |4 aut 
240 1 4 |a The hours.  |3 IT\ICCU\VIA\0077582  |9 Cunningham, Michael <1952- > 
245 1 3 |a Le ore /  |c Michael Cunningham ; traduzione di Ivan Cotroneo. 
260 |a \Milano! :  |b Bompiani,  |c 1999 
300 |a 169 p. ;  |c 21 cm. 
700 1 |a Cotroneo, Ivan  |0 IT\ICCU\RAVV\092620 
830 0 |a Narratori stranieri Bompiani  |0 IT\ICCU\VIA\0077115 
942 |2 ddc  |c BK  |n 0 
952 |0 0  |1 0  |4 0  |6 DOC_813_540000000000000_CUN  |7 0  |9 15969  |a BO  |b BO  |d 2026-01-15  |i 5994  |l 0  |o DOC 813.54 CUN  |p BO5994  |r 2026-01-15 23:19:13  |w 2026-01-15  |x [Sebina 5] [1 v.]  |y BK  |z 1 v. 
999 |c 13728  |d 13728